|
|
|
|
| LEADER |
01232nam a2200337 a 4500 |
| 001 |
000662553 |
| 003 |
CZ BrMZK |
| 005 |
20090120121914.0 |
| 007 |
ta |
| 008 |
030321s2001 xr a e 000 0 cze d |
| 020 |
|
|
|a 80-902595-3-7
|q (váz.)
|
| 040 |
|
|
|a BOA001
|b cze
|
| 072 |
|
7 |
|a 636.09
|x Veterinární lékařství
|2 Konspekt
|9 24
|
| 080 |
|
|
|a 636.09
|2 MRF
|
| 080 |
|
|
|a 636.7
|2 MRF
|
| 080 |
|
|
|a 636.8
|2 MRF
|
| 080 |
|
|
|a (048.8)
|2 MRF
|
| 245 |
0 |
0 |
|a Nemoci psa a kočky.
|n II. díl /
|c vedoucí kolektivu autorů Miroslav Svoboda ... [et al.]
|
| 260 |
|
|
|a Brno :
|b Noviko,
|c 2001
|
| 300 |
|
|
|a s. 1019-2038 :
|b il. ;
|c 30 cm
|
| 500 |
|
|
|a Vydavatel: Česká asociace veterinárních lékařů malých zvířat
|
| 650 |
0 |
7 |
|a veterinární lékařství
|7 ph116568
|2 czenas
|
| 650 |
0 |
7 |
|a nemoci domácích zvířat
|7 ph136503
|2 czenas
|
| 650 |
0 |
7 |
|a psi
|7 ph115940
|2 czenas
|
| 650 |
0 |
7 |
|a kočky
|7 ph115000
|2 czenas
|
| 655 |
|
7 |
|a monografie
|7 fd132842
|2 czenas
|
| 700 |
1 |
|
|a Svoboda, Miroslav,
|d 1952-
|7 jn20000710627
|4 aut
|
| 910 |
|
|
|a BOA001
|b 4-1086.837,2
|
| 990 |
|
|
|a BK
|
| 996 |
6 |
|
|b 2610184238
|c 4-1086.837,2
|l MZK
|r Sklad / do 1 hodiny
|n 0
|p kup ; nelze digi.
|w 000662553
|u 000010
|a 1
|e BOA001
|j MZK50
|s P
|
| 994 |
|
|
|a UP
|l MZK01
|b 000663704
|m díl 2
|n soubor
|